000 00618nam a22001817a 4500
999 _c190389
_d190389
005 20220722163404.0
010 _aENG-133899
020 _a9788190890625
_c675.00
035 _aEN-117431
037 _bDBAD/PUB
082 _a294.337273
245 _aBuddhism World Peace and Harmony/
_cEdited by G. Bhadru Naik and V. Rajasekhar
260 _aHyderabad
_bSree Bhagavan Publications
_c2012
270 _bHyderabad
_a7-1-29/23, Flat No. 102, Sai Siri Sampada Apartments Leela Nagar, Ameerpet
_e500016
300 _a374p.
_c22cm(hb)
700 _a V. Rajasekhar
942 _2ddc
_cEN
_h294.337273
_mBUD